| 000 | 00517pab a2200181 454500 | ||
|---|---|---|---|
| 008 | 180718b2003 xxu||||| |||| 00| 0 eng d | ||
| 100 | _aDas, N.P. | ||
| 245 | _aUnderstanding the causative factors behind stalling of infant mortality in India during the recent period | ||
| 260 | _c2003 | ||
| 300 | _ap.249-73. | ||
| 362 | _aJul-Dec | ||
| 650 | _aMortality - India | ||
| 650 | _aChild mortality - India | ||
| 650 | _aChild mortality | ||
| 700 | _aDey, Devamoni | ||
| 773 | _aDemography India | ||
| 909 | _a62616 | ||
| 999 |
_c62616 _d62616 |
||